000 00989nam a2200277Ia 4500
003 OSt
005 20221005111601.0
006 a|||||r|||| 00| 0
007 ta
008 221004b |||||||| |||| 00| 0 hin d
020 _a9789383514014 (hbk)
_cIndian Rupees 995
024 _a43874
037 _bGift, 29/05/2019,
_cTextual
040 _aCRL
_cCRL
_bhin
041 _2hin
_ahin
082 _aX:513, 152Q7
100 _aसिंह, नागेन्द्र कुमार, ले.
245 0 _aविज्ञापन संचार
246 _aVijnyāpan sanchāra
260 _aनई दिल्ली
_bस्वराज प्रकाशन भारत
_c2017
300 _a424पृ0
_ccm.
650 _a अर्थशास्त्र
650 _aविज्ञापन
942 _hX:513, 152Q7
_cTEXL
_2cc
999 _c1022251
_d1022251